[Event "34th Chess Olympiad (women)"]
[Site "Istanbul"]
[Date "2000.11.02"]
[Round "6.21.1"]
[White "Arribas, Maritza"]
[Black "Pokorna, Regina"]
[WhiteElo "2300"]
[BlackElo "2363"]
[WhiteCountry "CUB"]
[BlackCountry "SVK"]
[Result "1/2-1/2"]

1. e4 e5 2. Nf3 Nc6 3. Bc4 Nf6 4. d3 Bc5 5. Nc3 d6 6. Bg5 h6 7. Bxf6 Qxf6 
8. Nd5 Qd8 9. c3 Ne7 10. b4 Nxd5 11. Bxd5 Bb6 12. Nd2 c6 13. Bb3 a5 
14. bxa5 Bxa5 15. Rc1 O-O 16. Nc4 Qg5 17. O-O Bg4 18. f3 Bh3 19. Qe2 Bc7 
20. Kh1 Be6 21. Ne3 Bb6 22. Nc2 Bxb3 23. axb3 Ra2 24. g3 Qh5 25. Ra1 Rfa8 
26. Kg2 Qg5 27. h4 Qd8 28. Rfb1 R8a6 29. Qd1 Qa8 30. Kh1 Qc8 31. Kg2 Qa8 
32. Kh1 Bf2 33. Rxa2 Rxa2 34. Nb4 Bxg3 35. Nxa2 Qxa2 36. Qg1 Bxh4 37. Ra1 Qxb3 
38. Qg4 Bg5 39. Qc8+ Kh7 40. c4 h5 41. Qf5+ Kh6 42. Qxf7 Qb2 43. Ra8 Qc1+ 
44. Kg2 Bf6 45. Rh8+ Kg5 46. Rxh5+ Kf4 47. Rf5+ Ke3 48. Qxb7 Qd2+ 49. Kh3 c5 
50. Qb1 Qxd3 51. Qe1+ Kd4 52. Qa1+ Kxc4 53. Qa4+ Kc3 54. Qa3+ Kd2 55. Qa2+ Ke3 
56. Kg3 Qd2 57. Qb3+ Kd4 58. Rh5 Qe1+ 59. Kg2 Qd2+ 60. Kg3 Qf4+ 61. Kg2 Qd2+ 
62. Kg3 Qe1+ 63. Kg2 c4 64. Qb6+ Kd3 65. Rh1 Qd2+ 66. Kg3 Qf4+ 67. Kg2 Qg5+ 
68. Kf2 Qd2+ 69. Kg3 Qf4+ 70. Kg2 
1/2-1/2

[Event "34th Chess Olympiad (women)"]
[Site "Istanbul"]
[Date "2000.11.02"]
[Round "6.21.2"]
[White "Hagarova, Zuzana"]
[Black "Ramon, Vivian"]
[WhiteElo "2321"]
[BlackElo "2294"]
[WhiteCountry "SVK"]
[BlackCountry "CUB"]
[Result "1-0"]

1. e4 e5 2. Nf3 Nc6 3. Bb5 a6 4. Ba4 Nf6 5. O-O b5 6. Bb3 d6 7. c3 Na5 
8. Bc2 c5 9. d4 Qc7 10. h3 g6 11. Nbd2 Bg7 12. Re1 O-O 13. Nf1 cxd4 
14. cxd4 Nc6 15. Be3 Bb7 16. Rc1 Rac8 17. Ng3 Qb8 18. Qd2 Rfe8 19. Bh6 Ne7 
20. Bb3 Rxc1 21. Qxc1 Rf8 22. Qg5 exd4 23. Nxd4 Bc8 24. Ndf5 Nxf5 25. Nxf5 Bxf5 
26. exf5 Bxh6 27. Qxh6 d5 28. fxg6 hxg6 29. Qg5 Qd6 30. g3 Kg7 31. Qd2 d4 
32. Qd3 Rd8 33. Rd1 Qd7 34. h4 Qh3 35. Qf3 Rd7 36. Qg2 Qf5 37. Qf1 d3 
38. Qe1 Ng4 39. Qd2 Ne5 40. Qe3 Rd4 41. Qxd4 
1-0

[Event "34th Chess Olympiad (women)"]
[Site "Istanbul"]
[Date "2000.11.02"]
[Round "6.21.3"]
[White "Delgado, Crespo Mairelys"]
[Black "Mrvova, Alena"]
[WhiteElo "2207"]
[BlackElo "2231"]
[WhiteCountry "CUB"]
[BlackCountry "SVK"]
[Result "1-0"]

1. e4 c5 2. Nf3 d6 3. d4 cxd4 4. Nxd4 Nf6 5. Nc3 g6 6. Be3 Bg7 7. f3 O-O 
8. Qd2 Nc6 9. O-O-O Nxd4 10. Bxd4 Be6 11. Kb1 Qc7 12. g4 Rfc8 13. h4 Qa5 
14. a3 Bc4 15. Bxc4 Rxc4 16. Bxf6 Bxf6 17. Nd5 Qxd2 18. Rxd2 Kg7 19. g5 Be5 
20. Nxe7 Rd4 21. Rxd4 Bxd4 22. Nd5 h5 23. c3 Bc5 24. Kc2 a6 25. Rf1 Kf8 
26. Kd3 Kg7 27. f4 Re8 28. f5 Rc8 29. b4 Ba7 30. fxg6 fxg6 31. Rf6 Rf8 
32. Rxf8 Kxf8 33. Ne3 Kf7 34. Ke2 Ke6 35. a4 Bb6 36. a5 Ba7 37. Kf3 Bb8 
38. Nd5 Ba7 39. Nf4+ Kf7 40. e5 dxe5 41. Nd3 Ke6 42. Ke4 b6 43. axb6 Bxb6 
44. Nxe5 Bf2 45. Nf3 Bg3 46. c4 Kd6 47. c5+ Ke6 48. Nd4+ Kd7 49. Nf3 Ke6 
50. Kd4 Bf2+ 51. Kc4 Bg3 52. Nd4+ Kd7 53. Nf3 Ke6 54. c6 Kd6 55. b5 axb5+ 
56. Kxb5 Kd5 57. Kb6 Ke4 58. Nd4 Kxd4 59. c7 Bxc7+ 60. Kxc7 Ke5 61. Kd7 Kf5 
62. Ke7 Kg4 63. Kf6 Kxh4 64. Kxg6 Kg4 65. Kf6 h4 66. g6 h3 67. g7 h2 
68. g8Q+ Kh3 69. Qd5 
1-0

[Event "34th Chess Olympiad (women)"]
[Site "Istanbul"]
[Date "2000.11.02"]
[Round "6.22.2"]
[White "Licina, Anita"]
[Black "Bernardo, Leah"]
[WhiteElo "2200"]
[BlackElo "2000"]
[WhiteCountry "SLO"]
[BlackCountry "PHI"]
[Result "1-0"]

1. e4 c5 2. Nf3 e6 3. d4 cxd4 4. Nxd4 a6 5. Nd2 Qc7 6. N2f3 Nc6 7. Nxc6 dxc6 
8. e5 Bc5 9. Bd3 Ne7 10. Qe2 h6 11. O-O Bd7 12. a3 Ba7 13. Be3 c5 14. c4 Nc6 
15. Bd2 a5 16. b3 Rd8 17. Bc3 Bc8 18. Rad1 Nd4 19. Bxd4 cxd4 20. b4 b6 
21. Be4 Bb8 22. Rfe1 O-O 23. Qc2 Kh8 24. g3 Ba6 25. b5 Bc8 26. Bc6 Qe7 
27. a4 Qc5 28. Re4 Bc7 29. Ne1 d3 30. Nxd3 Rxd3 31. Qxd3 Bxe5 32. Qe3 Bd6 
33. Qxc5 Bxc5 34. Re5 Bb4 35. f4 f6 36. Re4 e5 37. fxe5 fxe5 38. Rxe5 Bh3 
39. Bd7 Rd8 40. Red5 Rxd7 41. Rxd7 Bxd7 42. Rxd7 Bc5+ 43. Kg2 Kh7 44. Rd5 Be3 
45. Kf3 Bg1 46. c5 
1-0

[Event "34th Chess Olympiad (women)"]
[Site "Istanbul"]
[Date "2000.11.02"]
[Round "6.22.3"]
[White "Espallardo, Christine"]
[Black "Krivec, Jana"]
[WhiteElo "2000"]
[BlackElo "2199"]
[WhiteCountry "PHI"]
[BlackCountry "SLO"]
[Result "0-1"]

1. Nf3 Nf6 2. g3 g6 3. Bg2 Bg7 4. O-O O-O 5. d3 d5 6. Nbd2 c5 7. e4 dxe4 
8. dxe4 Nc6 9. c3 Qc7 10. Qc2 b6 11. Re1 e5 12. Nf1 Bb7 13. Bg5 Ne7 
14. Rad1 Rad8 15. Bxf6 Bxf6 16. Ne3 Bg7 17. Rxd8 Rxd8 18. Rd1 Rxd1+ 
19. Nxd1 Bh6 20. Qd3 c4 21. Qe2 Qd6 22. Bf1 b5 23. Ne3 a6 24. Ng4 Bg7 25. a4 h5 
26. Ne3 Nc8 27. axb5 axb5 28. b3 cxb3 29. Qxb5 Bxe4 30. Nc4 Qc6 31. Qxc6 Bxc6 
32. Nfxe5 b2 33. Bd3 Bd5 34. f4 Bxe5 35. Nxe5 Ba2 36. Kf2 b1Q 37. Bxb1 Bxb1 
38. Ke3 f6 39. Nd7 Kf7 40. Kd4 Ke6 41. Nc5+ Kd6 42. c4 Ne7 43. Nb7+ Kc7 
44. Nc5 Kc6 45. Nb3 Nf5+ 46. Kc3 Ne3 47. Nd4+ Kd6 48. Nf3 Be4 49. Nd2 Bg2 
50. Kd4 Nf1 51. c5+ Kc6 52. Nb3 Nxh2 53. Na5+ Kb5 54. Nc4 Nf1 55. Nd6+ Kc6 
56. Ne8 f5 57. Nf6 Nxg3 
0-1

[Event "34th Chess Olympiad (women)"]
[Site "Istanbul"]
[Date "2000.11.02"]
[Round "6.23.1"]
[White "Khegai, Angela"]
[Black "Charest, Johanne"]
[WhiteElo "2234"]
[BlackElo "2136"]
[WhiteCountry "UZB"]
[BlackCountry "CAN"]
[Result "1-0"]

1. d4 d5 2. c4 e6 3. Nf3 c5 4. cxd5 exd5 5. Nc3 cxd4 6. Nxd4 Nc6 7. g3 Nf6 
8. Bg2 Be7 9. O-O O-O 10. Be3 Re8 11. Rc1 Ne5 12. Qb3 Nc4 13. Nxd5 Nxd5 
14. Rxc4 Nxe3 15. Qxe3 Bf6 16. Qd3 Qb6 17. b3 Rd8 18. e3 Bd7 19. Qc2 Bb5 
20. Nxb5 Qxb5 21. Rc1 g6 22. a4 Qa6 23. Rc7 Rab8 24. Qe4 Qd3 25. Qf4 Kg7 
26. Bf1 Qd2 27. Rxf7+ Kxf7 28. Rc7+ Rd7 29. Rxd7+ Qxd7 30. Bc4+ Kg7 31. Qxb8 a5 
32. h4 Qd1+ 33. Kg2 Qd7 34. Qg8+ Kh6 35. Qf8+ Qg7 36. Qxg7+ Kxg7 37. f4 Bc3 
38. g4 Be1 39. h5 Bc3 40. hxg6 hxg6 41. g5 Bd2 42. Kf3 Bc1 43. e4 Bd2 
44. Kg4 Be3 45. f5 gxf5+ 46. exf5 Bd2 47. f6+ Kg6 48. Bd3+ Kf7 49. Kf5 
1-0

[Event "34th Chess Olympiad (women)"]
[Site "Istanbul"]
[Date "2000.11.02"]
[Round "6.23.2"]
[White "Bryskine, Marina"]
[Black "Khamrakulova, Iroda"]
[WhiteElo "2200"]
[BlackElo "2177"]
[WhiteCountry "CAN"]
[BlackCountry "UZB"]
[Result "0-1"]

1. e4 c5 2. Nf3 Nc6 3. d4 cxd4 4. Nxd4 g6 5. Nc3 Bg7 6. Be3 d6 7. Be2 Nf6 
8. O-O O-O 9. Bf3 Ne5 10. Be2 Neg4 11. Bc1 Qb6 12. Nb3 Bd7 13. h3 Ne5 
14. Be3 Qc7 15. f4 Nc4 16. Bxc4 Qxc4 17. Qd3 Qc7 18. Rad1 Rad8 19. Nd4 a6 
20. a4 Rc8 21. Nb3 Be6 22. Qd2 Bc4 23. Rf2 b5 24. axb5 axb5 25. Qe1 b4 
26. Nd5 Bxd5 27. exd5 Ne4 28. Re2 Bxb2 29. Bd4 Bc3 30. Qh4 Nf6 31. Bxc3 Qxc3 
32. Rd3 Qc7 33. Kh2 Rfe8 34. f5 Qc4 35. Rd4 Qxe2 
0-1

[Event "34th Chess Olympiad (women)"]
[Site "Istanbul"]
[Date "2000.11.02"]
[Round "6.24.1"]
[White "Berezina, Irina"]
[Black "Hernandez, Yadira"]
[WhiteElo "2304"]
[BlackElo "2207"]
[WhiteCountry "AUS"]
[BlackCountry "MEX"]
[Result "0-1"]

1. d4 Nf6 2. c4 g6 3. Nc3 Bg7 4. e4 d6 5. Nf3 O-O 6. h3 e5 7. d5 a5 8. Bg5 h6 
9. Be3 Nbd7 10. g4 Nc5 11. Nd2 Nfd7 12. Qc2 a4 13. O-O-O c6 14. h4 a3 
15. Nb3 axb2+ 16. Kb1 Nxb3 17. Qxb3 Qa5 18. f3 Nc5 19. Qc2 b5 20. Bxc5 dxc5 
21. cxb5 cxd5 22. Rxd5 Be6 23. Bc4 Qb4 24. Ne2 Rfc8 25. h5 g5 26. Rhd1 Bf8 
27. R1d3 Bxd5 28. exd5 e4 29. fxe4 Bg7 30. e5 Bxe5 31. d6 Ra7 32. Rd5 Bg7 
33. Rd1 Rd8 34. Ng3 Ra3 35. Ne4 Rf3 36. d7 Rf4 37. Qd3 Rxd7 38. Qxd7 Qxc4 
39. Qe8+ Kh7 40. Ng3 Rd4 41. Qe1 Qe6 42. b6 Qe3 43. a4 Qxg3 
0-1

[Event "34th Chess Olympiad (women)"]
[Site "Istanbul"]
[Date "2000.11.02"]
[Round "6.24.2"]
[White "Guerrero, Alejandra"]
[Black "Phan-Koshnitsky, Ngan"]
[WhiteElo "2171"]
[BlackElo "2157"]
[WhiteCountry "MEX"]
[BlackCountry "AUS"]
[Result "1/2-1/2"]

1. e4 e5 2. Nf3 Nc6 3. Bb5 a6 4. Ba4 Nf6 5. O-O b5 6. Bb3 Be7 7. d4 exd4 
8. e5 Ne4 9. Bd5 Nc5 10. Nxd4 Bb7 11. Nf5 Bf8 12. Re1 Ne6 13. Nc3 Rb8 
14. Qf3 b4 15. Nd1 g6 16. Bxe6 dxe6 17. Nh6 Bxh6 18. Bxh6 Nd4 19. Qd3 Nf5 
20. Qxd8+ Rxd8 21. Bg5 Rd5 22. g4 Nd4 23. Bf6 O-O 24. Ne3 Nf3+ 25. Kf1 Rd2 
26. Red1 Nxh2+ 27. Kg1 Nf3+ 28. Kf1 Nh2+ 29. Kg1 Nf3+ 30. Kf1 Nh2+ 
1/2-1/2

[Event "34th Chess Olympiad (women)"]
[Site "Istanbul"]
[Date "2000.11.02"]
[Round "6.24.3"]
[White "Moylan, Laura"]
[Black "Garcia, Edith"]
[WhiteElo "2076"]
[BlackElo "2052"]
[WhiteCountry "AUS"]
[BlackCountry "MEX"]
[Result "1/2-1/2"]

1. e4 c5 2. Nf3 e6 3. d4 cxd4 4. Nxd4 a6 5. Bd3 Nf6 6. O-O Qc7 7. a4 b6 
8. Be3 Bb7 9. Nd2 d5 10. exd5 Nxd5 11. Ne4 Nd7 12. Qe2 Be7 13. Bg5 Nf4 
14. Bxf4 Qxf4 15. Qd2 Qxd2 16. Nxd2 Bf6 17. c3 Bxd4 18. cxd4 O-O 19. Nc4 Rfd8 
20. Rac1 Bd5 21. b4 g6 22. Rfd1 Kg7 23. Ne3 Bb3 24. Bc2 Bxc2 25. Rxc2 Rac8 
26. Rdc1 Rxc2 27. Rxc2 Nb8 28. Rd2 Nc6 29. d5 exd5 30. Rxd5 Rxd5 31. Nxd5 b5 
32. axb5 axb5 
1/2-1/2

[Event "34th Chess Olympiad (women)"]
[Site "Istanbul"]
[Date "2000.11.02"]
[Round "6.25.1"]
[White "Mateus, Martha"]
[Black "Delai, Paula"]
[WhiteElo "2318"]
[BlackElo "2110"]
[WhiteCountry "COL"]
[BlackCountry "BRA"]
[Result "1-0"]

1. e4 c5 2. Nf3 d6 3. d3 Nf6 4. Nbd2 g6 5. g3 Bg7 6. Bg2 O-O 7. O-O Nc6 
8. Nh4 d5 9. Nb3 Qd6 10. f4 e5 11. f5 Rd8 12. Bg5 dxe4 13. Bxe4 Rf8 
14. Qf3 Nxe4 15. dxe4 c4 16. Rad1 Qb4 17. c3 Qb5 18. Rd5 Qb6+ 19. Be3 Qc7 
20. Nd2 b6 21. Rd1 Bf6 22. Bh6 Bg7 23. Bxg7 Kxg7 24. f6+ Kh8 25. Qe3 Be6 
26. Qh6 Rg8 27. Ndf3 g5 28. Nxg5 Rxg5 29. Qxg5 Rg8 30. Qh6 Bxd5 31. Rxd5 Qc8 
32. Nf5 Rg6 33. Qh4 Qe6 34. Rd6 Qc8 35. Kg2 b5 36. Qh5 a5 37. Qd1 Rg8 
38. Qd5 Nd8 39. Qxe5 Nb7 40. Rd5 Rd8 41. Qe7 
1-0

[Event "34th Chess Olympiad (women)"]
[Site "Istanbul"]
[Date "2000.11.02"]
[Round "6.25.3"]
[White "Ortiz, Nadya"]
[Black "Chaves, Joara"]
[WhiteElo "2000"]
[BlackElo "2057"]
[WhiteCountry "COL"]
[BlackCountry "BRA"]
[Result "1/2-1/2"]

1. e4 e5 2. Nf3 Nc6 3. Bc4 Bc5 4. b4 Bb6 5. Nc3 a6 6. Nd5 Ba7 7. d3 h6 
8. O-O d6 9. Be3 Nf6 10. Qd2 Nxd5 11. Bxd5 Ne7 12. Bb3 Ng6 13. Kh1 Qf6 
14. Ng1 O-O 15. Ne2 Be6 16. c3 Bxb3 17. axb3 Qe6 18. Ng3 Kh7 19. Nf5 Ne7 
20. Nxe7 Qxe7 21. Bxa7 Rxa7 22. f4 f6 23. f5 Rfa8 24. Qe3 c5 25. Rf2 a5 
26. Rfa2 b6 27. b5 Qf7 28. c4 
1/2-1/2

[Event "34th Chess Olympiad (women)"]
[Site "Istanbul"]
[Date "2000.11.02"]
[Round "6.26.1"]
[White "Agrest, Svetlana"]
[Black "Milligan, Helen"]
[WhiteElo "2210"]
[BlackElo "2123"]
[WhiteCountry "SWE"]
[BlackCountry "SCO"]
[Result "1/2-1/2"]

1. e4 c5 2. Nf3 Nc6 3. Bb5 g6 4. O-O Bg7 5. Re1 Nf6 6. e5 Nd5 7. Nc3 Nc7 
8. Bxc6 dxc6 9. Ne4 Ne6 10. d3 O-O 11. Be3 b6 12. Qd2 Nd4 13. Nxd4 cxd4 
14. Bh6 c5 15. Qg5 Bb7 16. Qh4 f6 17. Bxg7 Kxg7 18. exf6+ exf6 19. Qg3 Bxe4 
20. Rxe4 Re8 21. Rae1 Rxe4 22. Rxe4 Qd7 23. b3 
1/2-1/2

[Event "34th Chess Olympiad (women)"]
[Site "Istanbul"]
[Date "2000.11.02"]
[Round "6.26.2"]
[White "Rutherford, Elaine"]
[Black "Buervenich, Silvia"]
[WhiteElo "2050"]
[BlackElo "2201"]
[WhiteCountry "SCO"]
[BlackCountry "SWE"]
[Result "1/2-1/2"]

1. e4 c5 2. Nc3 Nc6 3. f4 g6 4. Nf3 Bg7 5. Bb5 Nd4 6. O-O Nxb5 7. Nxb5 d5 
8. exd5 a6 9. Nc3 Nf6 10. d4 c4 11. Ne5 Nxd5 12. Ne4 Nc7 13. c3 b5 14. Nc5 Qd5 
15. Qe2 O-O 16. Be3 Ne6 17. Nxe6 Bxe6 18. Rae1 Rad8 19. Bc1 Bc8 20. Ng4 e6 
21. Qf2 Bb7 22. Re5 Qd7 23. Qh4 f5 24. Nh6+ Kh8 25. Re2 Bf6 26. Qh3 a5 
27. Be3 Be4 28. Rfe1 b4 29. Bc1 Bd5 30. Qg3 Rb8 31. Re5 bxc3 32. bxc3 Rb1 
33. R5e2 Rfb8 34. Qh3 Ra1 35. g4 Be4 36. g5 Bg7 37. Qe3 Bf8 38. Ng4 Bg7 
39. Ne5 Qa4 40. Qh3 Bxe5 41. fxe5 Rbb1 42. Rxe4 Rxc1 43. Qf1 Rxe1 44. Rxe1 Rxa2 
45. Qf3 Rb2 46. Qa8+ Kg7 47. Qa7+ Kg8 48. Qa8+ Kg7 49. Qa7+ Kg8 
1/2-1/2

[Event "34th Chess Olympiad (women)"]
[Site "Istanbul"]
[Date "2000.11.02"]
[Round "6.26.3"]
[White "Johansson, Victoria"]
[Black "Lang, Heather"]
[WhiteElo "2152"]
[BlackElo "2064"]
[WhiteCountry "SWE"]
[BlackCountry "SCO"]
[Result "1-0"]

1. d4 f5 2. Nf3 Nf6 3. g3 g6 4. Bg2 Bg7 5. c4 O-O 6. O-O d6 7. Nc3 Qe8 
8. d5 Na6 9. Nd4 Bd7 10. Rb1 c6 11. b3 Nc7 12. Bb2 Rb8 13. b4 Ng4 14. b5 c5 
15. Nf3 f4 16. Ne4 h6 17. Qd2 fxg3 18. fxg3 g5 19. h3 Bf5 20. Bxg7 Kxg7 
21. Nfxg5 Ne5 22. g4 Bxe4 23. Nxe4 Nxc4 24. Qc3+ Ne5 25. Rxf8 Kxf8 26. Rf1+ Kg8 
27. Ng3 Nxb5 28. Qe3 Qg6 29. Nf5 Kh8 30. Nxh6 Nd4 31. Nf5 Rf8 32. Nxd4 Rxf1+ 
33. Bxf1 cxd4 34. Qxd4 Qc2 35. Qxa7 Qc4 36. Qb8+ Kg7 37. Qxb7 Qd4+ 38. Kh1 Kf6 
39. Qb3 Qf2 40. Qb1 Qd4 41. Bg2 Ng6 42. Bf3 Nf4 43. Qe4 Qd2 44. Kh2 Ng6 
45. a4 Qe1 46. Bg2 Qa1 47. Qe6+ Kg7 48. Be4 Ne5 49. Qxe7+ Kg8 50. Qe6+ Kf8 
51. Qxd6+ Kg7 52. Qe7+ Kh6 53. Qf6+ Ng6 54. Qxg6# 
1-0

[Event "34th Chess Olympiad (women)"]
[Site "Istanbul"]
[Date "2000.11.02"]
[Round "6.27.1"]
[White "Burijovich, Liliana"]
[Black "Cinak, Nilufer"]
[WhiteElo "2182"]
[BlackElo "2057"]
[WhiteCountry "ARG"]
[BlackCountry "TURA"]
[Result "1-0"]

1. e4 c5 2. Nf3 Nc6 3. d4 cxd4 4. Nxd4 e5 5. Nb5 d6 6. N1c3 a6 7. Na3 b5 
8. Nd5 Nge7 9. c4 Nd4 10. Nc2 Nxc2+ 11. Qxc2 Nxd5 12. cxd5 Be7 13. Bd3 O-O 
14. O-O Bb7 15. a4 f5 16. exf5 Bxd5 17. f6 Bxf6 18. Bxh7+ Kh8 19. Bg6 Bh4 
20. Qe2 Rf3 21. gxf3 Qf6 22. Be4 Bc4 23. Qd1 Re8 24. f4 Bf7 25. Qf3 Rf8 
26. axb5 axb5 27. fxe5 Qxe5 28. Qxf7 
1-0

[Event "34th Chess Olympiad (women)"]
[Site "Istanbul"]
[Date "2000.11.02"]
[Round "6.27.2"]
[White "Cavusoglu, Yildiz"]
[Black "Hernandez, Penna Sabina"]
[WhiteElo "2000"]
[BlackElo "2141"]
[WhiteCountry "TURA"]
[BlackCountry "ARG"]
[Result "1/2-1/2"]

1. d4 d5 2. c4 e6 3. Nc3 Nf6 4. cxd5 exd5 5. Bg5 Be7 6. e3 c6 7. Qc2 Nbd7 
8. Bd3 Nh5 9. Bxe7 Qxe7 10. Nge2 g6 11. O-O-O Nb6 12. Ng3 Nxg3 13. hxg3 Be6 
14. Rh4 O-O-O 15. Rdh1 h5 16. Ne2 Bg4 17. R4h2 Kb8 18. Kb1 Rhe8 19. Rc1 Bxe2 
20. Qxe2 Qd6 21. Qf3 f5 22. Qf4 Nc8 23. Qf3 Qe6 24. Qd1 Nd6 25. Qb3 Ne4 
26. Rc2 Qd6 27. Rh1 Re7 28. Rhc1 Rc8 29. Bxe4 fxe4 30. a4 Ka8 31. a5 Rb8 
32. Qa4 Rf7 33. a6 b5 34. Qa5 Rc7 35. Rc5 Rb6 36. b4 Qd7 37. R5c2 Qc8 
38. Ra2 Rf7 39. Rcc2 Qg4 40. Rc1 Qc8 41. Rcc2 Rc7 42. Qa3 g5 43. Rc1 Qg4 
44. Qc3 Qc8 
1/2-1/2

[Event "34th Chess Olympiad (women)"]
[Site "Istanbul"]
[Date "2000.11.02"]
[Round "6.27.3"]
[White "Maggiolo, Elisa"]
[Black "Yildiz, Betul"]
[WhiteElo "2115"]
[BlackElo "2000"]
[WhiteCountry "ARG"]
[BlackCountry "TURA"]
[Result "1/2-1/2"]

1. e4 c5 2. c3 e6 3. d4 cxd4 4. cxd4 d5 5. e5 Nc6 6. Nf3 Nge7 7. Bd3 Nf5 
8. Bxf5 exf5 9. O-O Be6 10. Nc3 Be7 11. Be3 O-O 12. Na4 Na5 13. Nc5 b6 
14. Nxe6 fxe6 15. b3 Qd7 16. Qd3 Rfc8 17. Bd2 Nc6 18. a3 Nd8 19. h3 Nf7 
20. g4 g6 21. Kh2 Kh8 22. Rg1 Rg8 23. Bb4 Ng5 24. Kg3 Ne4+ 25. Kg2 Rac8 
26. Nd2 Bxb4 27. axb4 Rc3 28. Qe2 Ng5 29. f3 Rc2 30. h4 Nf7 31. Kh1 Qe7 
32. Qe1 Qxb4 33. Rxa7 Rxd2 34. Rxf7 fxg4 35. Qe3 Rg7 36. Qf4 Rxf7 37. Qxf7 g3 
38. Qf6+ Kg8 39. Qxe6+ Kg7 40. Rxg3 Rd1+ 41. Rg1 Rxg1+ 42. Kxg1 Qxd4+ 
43. Kg2 Qd2+ 44. Kh3 Qd1 45. Qe7+ 
1/2-1/2

[Event "34th Chess Olympiad (women)"]
[Site "Istanbul"]
[Date "2000.11.02"]
[Round "6.28.1"]
[White "Al-Sherkh Khade, Wasila"]
[Black "Rantanen, Tanja"]
[WhiteElo "2000"]
[BlackElo "2120"]
[WhiteCountry "SYR"]
[BlackCountry "FIN"]
[Result "0-1"]

1. e4 e5 2. Nf3 Nf6 3. Nxe5 d6 4. Nf3 Nxe4 5. d4 d5 6. Bd3 Bd6 7. O-O O-O 
8. c4 Nf6 9. c5 Be7 10. Qc2 Nc6 11. a3 Bg4 12. Nbd2 a5 13. b3 h6 14. Bb2 Nh5 
15. Rfe1 Nf4 16. Bf5 Bxf5 17. Qxf5 Ne6 18. g3 Bf6 19. Qd3 Nxc5 20. Qb5 Ne6 
21. Qxb7 Ncxd4 22. Bxd4 Nxd4 23. Rac1 Rb8 24. Qa7 Nxf3+ 25. Nxf3 Rxb3 
26. Kg2 Rxa3 27. Rxc7 Qa8 28. Rd1 Qxa7 29. Rxa7 Rd8 30. Nd4 g6 31. Nc6 Rc8 
32. Rxa5 Rxa5 33. Nxa5 d4 34. Nb3 Rc4 35. Nc1 Kf8 36. Nd3 Ke7 37. Kf3 Kd6 
38. Ke4 Bg7 39. g4 Rc8 40. h3 Re8+ 41. Kf3 Re7 42. Ra1 Kd5 43. Rc1 Ra7 
44. Rc5+ Kd6 45. Ke4 Ra3 46. Rd5+ Ke6 47. Nf4+ Ke7 48. Nd3 Ra1 49. Rb5 Bf6 
50. Rb7+ Kf8 51. Kf3 Rh1 52. Kg2 Rd1 53. Rb3 Rd2 54. Kg3 Rc2 55. Rb1 Rc3 
56. Rd1 Ke7 57. Kf3 Kd6 58. Ke4 Bh8 59. Rd2 Kc6 60. Rd1 Rb3 61. Rc1+ Kb6 
62. Rc5 Rxd3 63. Rc8 Rxh3 64. Rxh8 Rh4 65. f3 f5+ 66. Kxd4 fxg4 67. fxg4 Rxg4+ 
68. Ke3 h5 69. Rf8 Kc7 70. Rf1 Kd6 71. Kf3 Ke5 72. Rh1 Kf5 73. Kf2 Ra4 
74. Rb1 Kf4 75. Rh1 Ra2+ 
0-1

[Event "34th Chess Olympiad (women)"]
[Site "Istanbul"]
[Date "2000.11.02"]
[Round "6.28.2"]
[White "Puuska, Heini"]
[Black "Al -Jindi, Nibal"]
[WhiteElo "2023"]
[BlackElo "2000"]
[WhiteCountry "FIN"]
[BlackCountry "SYR"]
[Result "1-0"]

1. d4 Nf6 2. Nf3 g6 3. Nc3 Bg7 4. e4 d5 5. e5 Ng8 6. Bf4 e6 7. Qd2 Nd7 
8. Be2 Ne7 9. Nd1 c5 10. c3 b6 11. g4 Bb7 12. Bh6 Rg8 13. Bxg7 Rxg7 14. Qh6 Kf8 
15. Ng5 Kg8 16. h4 Kh8 17. Nf3 Ng8 18. Qd2 c4 19. g5 Ne7 20. Ne3 Nf5 
21. Ng4 Qe7 22. h5 Qf8 23. Nf6 Nxf6 24. exf6 Rg8 25. Qf4 Qd6 26. Ne5 Raf8 
27. Qh2 h6 28. hxg6 Rxg6 29. Nxg6+ fxg6 30. Qxd6 Nxd6 31. Rxh6+ 
1-0

[Event "34th Chess Olympiad (women)"]
[Site "Istanbul"]
[Date "2000.11.02"]
[Round "6.28.3"]
[White "Khalifeh, Diana"]
[Black "Ristoja, Aulikki"]
[WhiteElo "2000"]
[BlackElo "2000"]
[WhiteCountry "SYR"]
[BlackCountry "FIN"]
[Result "1-0"]

1. e4 d5 2. exd5 Qxd5 3. Nc3 Qa5 4. d4 Nf6 5. Bc4 Bf5 6. Nf3 e6 7. O-O c6 
8. Re1 Be7 9. Qe2 O-O 10. h3 Re8 11. Nh4 Nbd7 12. Nxf5 exf5 13. Qf3 Ne4 
14. Bf4 Nxc3 15. bxc3 Nf6 16. Re5 Qd8 17. Rxf5 Qd7 18. Be5 Rf8 19. g4 Rad8 
20. Rb1 b5 21. Bb3 a5 22. a4 bxa4 23. Bxa4 Nd5 24. Bg3 g6 25. Re5 f6 
26. Rxd5 cxd5 27. Bxd7 Rxd7 28. Rb8 a4 29. Rxf8+ Kxf8 30. Qd1 a3 31. Qa1 Rb7 
32. Bf4 
1-0

[Event "34th Chess Olympiad (women)"]
[Site "Istanbul"]
[Date "2000.11.02"]
[Round "6.29.1"]
[White "Lee, Samantha"]
[Black "Cast, Abigail"]
[WhiteElo "2000"]
[BlackElo "2114"]
[WhiteCountry "MAS"]
[BlackCountry "WLS"]
[Result "1-0"]

1. e4 e6 2. d4 d5 3. exd5 exd5 4. Nf3 Bd6 5. Be3 Ne7 6. Bd3 Nd7 7. c3 Nf6 
8. Nbd2 c6 9. Qc2 Bg4 10. O-O Qc8 11. Rfe1 h6 12. Rac1 O-O 13. Ne5 Bf5 
14. h3 Re8 15. Bf4 a5 16. Ndf3 c5 17. Bxf5 Qxf5 18. Qxf5 Nxf5 19. g4 Ne7 
20. Nd3 Bxf4 21. Nxf4 cxd4 22. Nxd4 Nc6 23. Nb5 Ne5 24. Red1 Nf3+ 25. Kg2 Nh4+ 
26. Kf1 Re5 27. Nd4 Rae8 28. Nd3 R5e7 29. Re1 Ne4 30. Rcd1 Kf8 31. f3 Nf6 
32. Kf2 Ng6 33. Rxe7 Rxe7 34. Re1 Nd7 35. Rxe7 Kxe7 36. f4 Kf6 37. Ke3 Ne7 
38. Nb5 Kg6 39. Nd6 b6 40. Kd4 Kf6 41. Ne8+ Kg6 42. Ne5+ Nxe5 43. Kxe5 f5 
44. Ke6 fxg4 45. hxg4 Ng8 46. Kxd5 Nf6+ 47. Nxf6 gxf6 48. Ke4 
1-0

[Event "34th Chess Olympiad (women)"]
[Site "Istanbul"]
[Date "2000.11.02"]
[Round "6.29.2"]
[White "Evans-Quek, Deborah"]
[Black "Ibrahim, Eliza"]
[WhiteElo "2150"]
[BlackElo "2015"]
[WhiteCountry "WLS"]
[BlackCountry "MAS"]
[Result "1-0"]

1. Nf3 Nf6 2. g3 g6 3. Bg2 Bg7 4. O-O O-O 5. d3 d5 6. Nbd2 b6 7. e4 e6 
8. e5 Nfd7 9. Re1 c5 10. Nf1 Nc6 11. Bf4 Qc7 12. Qe2 Bb7 13. c3 Rac8 14. h4 Ne7 
15. N1h2 Kh8 16. Qd2 c4 17. d4 Qd8 18. Bh3 Nf5 19. Bg5 Qe8 20. Ng4 Rc6 
21. Nf6 Bxf6 22. Bxf6+ Nxf6 23. Bxf5 exf5 24. exf6 Qd8 25. Re7 Bc8 26. Qh6 
1-0

[Event "34th Chess Olympiad (women)"]
[Site "Istanbul"]
[Date "2000.11.02"]
[Round "6.29.3"]
[White "Siti, Zulaikha"]
[Black "Wilson, Julie"]
[WhiteElo "2000"]
[BlackElo "2000"]
[WhiteCountry "MAS"]
[BlackCountry "WLS"]
[Result "1-0"]

1. e4 e6 2. d4 d5 3. Nd2 c5 4. exd5 Qxd5 5. Ngf3 cxd4 6. Bc4 Qd6 7. O-O Nf6 
8. Nb3 Nc6 9. Nbxd4 Nxd4 10. Nxd4 a6 11. a4 Qc7 12. Qe2 Bd6 13. Nf3 Bd7 
14. Bb3 O-O-O 15. h3 h6 16. Be3 g5 17. Bd4 Be7 18. a5 Qf4 19. Be5 Qb4 
20. Bc3 Qd6 21. Rfd1 Bb5 22. Bc4 Bxc4 23. Qxc4+ Qc7 24. Qb3 Rhf8 25. Bd4 Nd7 
26. Rd3 Nc5 27. Bxc5 Rxd3 28. Qxd3 Bxc5 29. Qh7 Qg3 30. Rf1 g4 31. Qg7 Qc7 
32. hxg4 Qxa5 33. Qxh6 Qb4 34. Qh5 Rg8 35. g5 Qf4 36. g6 f5 37. Qh7 Bxf2+ 
38. Rxf2 Qc1+ 39. Kh2 Rd8 40. g7 Qf4+ 41. g3 Qg4 42. Qh6 Qc4 43. Qg6 Qg4 
44. Qxg4 fxg4 45. Ng5 
1-0

[Event "34th Chess Olympiad (women)"]
[Site "Istanbul"]
[Date "2000.11.02"]
[Round "6.30.1"]
[White "Koskoska, Gabriela"]
[Black "Mohammed, Janer"]
[WhiteElo "2219"]
[BlackElo "2000"]
[WhiteCountry "FRM"]
[BlackCountry "IRQ"]
[Result "1-0"]

1. e4 e5 2. Nf3 Nc6 3. c3 Nf6 4. d4 exd4 5. e5 Ng4 6. cxd4 Bb4+ 7. Nc3 d6 
8. h3 Ngxe5 9. dxe5 Bxc3+ 10. bxc3 Nxe5 11. Nxe5 Qe7 12. Be2 Qxe5 13. Qd4 O-O 
14. Qxe5 dxe5 15. O-O Be6 16. Bf3 Rab8 17. Re1 f6 18. Bd1 Rbd8 19. Bb3 Bf7 
20. Ba3 Rfe8 21. Rad1 Bxb3 22. axb3 Kf7 23. Kf1 a5 24. Ke2 h5 25. Rxd8 Rxd8 
26. Rd1 Rxd1 27. Kxd1 Ke6 28. Ke2 f5 29. Kd3 c6 30. Kc4 b6 31. h4 f4 
32. Kd3 Kf5 33. f3 b5 34. Bc5 g6 35. Bb6 a4 36. bxa4 bxa4 37. Bc5 g5 
38. hxg5 Kxg5 39. Ke4 Kf6 40. c4 Ke6 41. Ba3 h4 42. c5 Kf6 43. Bb2 Ke6 
44. Bxe5 a3 45. Bxf4 
1-0